000
00312 a2200157 4500
001
165171
020
_a
040
_c
Magnum
100
_a
Foucault, Michel
240
1
0
_a
A ordem do discurso
_l
por
245
1
0
_a
A ordem do discurso
362
0
_a
1899
440
1
_a
Loyola
697
_a
GERAL
942
_c
BK
999
_c
165171
_d
165171